[Event "Werther- Herford"]
[Site "?"]
[Date "2023.04.23"]
[Round "7.6"]
[White "Kraetzer, Ruediger"]
[Black "Klemme, Thomas"]
[Result "1/2-1/2"]
[WhiteElo "1961"]
[BlackElo "1971"]
[PlyCount "34"]
[SourceVersionDate "2023.06.22"]

1. d4 d5 2. Bf4 Nf6 3. e3 Bf5 4. Bd3 Bxd3 5. cxd3 e6 6. Nf3 Bd6 7. Ne5 O-O 8.
O-O c5 9. dxc5 Bxc5 10. d4 Bb6 11. Nc3 Nbd7 12. Rc1 Rc8 13. Qe2 Nxe5 14. Bxe5
Qd7 15. Qf3 Ne8 16. Rfd1 f6 17. Bg3 f5 1/2-1/2

[Event "Werther- Herford"]
[Site "?"]
[Date "2023.04.23"]
[Round "7.7"]
[White "Heuermann, Heinz- Burkhard"]
[Black "Ortpaul, Mario"]
[Result "0-1"]
[WhiteElo "1875"]
[BlackElo "1914"]
[PlyCount "74"]
[SourceVersionDate "2023.06.22"]

1. Nf3 c5 2. g3 g6 3. c4 Bg7 4. d4 cxd4 5. Nxd4 Nc6 6. e3 d6 7. Bg2 Bd7 8. Nc3
Nf6 9. O-O O-O 10. a3 a6 11. b4 Qc7 12. b5 Nxd4 13. exd4 axb5 14. Nxb5 Qxc4 15.
Nxd6 exd6 16. Bf4 d5 17. Rc1 Qa6 18. Rc3 Rac8 19. Rxc8 Rxc8 20. Qb3 Bc6 21. Be5
Qa5 22. Rc1 Ra8 23. Bd6 Bf8 24. Be5 Ng4 25. Bf4 Qxa3 26. Qd1 Nf6 27. Be5 Nd7
28. Bf4 Bg7 29. Bh3 Nf6 30. Bg2 Qa2 31. h3 Nd7 32. Kh2 Qxf2 33. Qg4 Ra2 34. Rg1
Bxd4 35. Be3 Bxe3 36. Qd1 Ne5 37. Kh1 Nf3 0-1

[Event "Bielefeld 2- Hemer"]
[Site "?"]
[Date "2023.04.23"]
[Round "7.1"]
[White "Runte, Moritz"]
[Black "Pollmueller, Michael"]
[Result "1-0"]
[WhiteElo "2176"]
[BlackElo "2142"]
[PlyCount "85"]
[SourceVersionDate "2023.06.22"]

1. e4 c6 2. d4 d5 3. exd5 cxd5 4. Bd3 Nf6 5. h3 Nc6 6. Nf3 g6 7. O-O Bg7 8. c3
Bf5 9. Re1 Bxd3 10. Qxd3 Qc7 11. Nbd2 O-O 12. Ne5 e6 13. Ndf3 Nxe5 14. Nxe5 Nd7
15. Bf4 Nxe5 16. Bxe5 Qc6 17. h4 h5 18. Qd2 Rfe8 19. Re2 b5 20. Rae1 a5 21. g4
f6 22. Bg3 hxg4 23. Qf4 f5 24. Qg5 Qd7 25. Qxg6 Qf7 26. Qg5 Kh7 27. Bf4 Ra6 28.
Kg2 Qg6 29. f3 Qxg5 30. hxg5 gxf3+ 31. Kxf3 Kg6 32. Be5 Bxe5 33. Rxe5 Kf7 34.
Rh1 b4 35. Kf4 bxc3 36. bxc3 Rc6 37. Rh7+ Kg6 38. Rh6+ Kg7 39. Rxd5 Rxc3 40.
Rd7+ Kg8 41. g6 Rd3 42. g7 e5+ 43. Kg5 1-0

[Event "Bielefeld 2- Hemer"]
[Site "?"]
[Date "2023.04.23"]
[Round "7.3"]
[White "Schmuecker, Marcus"]
[Black "Nagel, Jens"]
[Result "1-0"]
[WhiteElo "2185"]
[BlackElo "1941"]
[PlyCount "87"]
[SourceVersionDate "2023.06.22"]

1. d4 d5 2. Nf3 Nf6 3. Bf4 e6 4. e3 Bd6 5. Nbd2 Bxf4 6. exf4 O-O 7. Bd3 Nbd7 8.
O-O c5 9. c3 g6 10. Qe2 b6 11. Ne5 Bb7 12. Ndf3 Qe7 13. h4 Nh5 14. Qe3 cxd4 15.
cxd4 Nxe5 16. fxe5 f5 17. exf6 Qxf6 18. Rfe1 Rae8 19. Rac1 Re7 20. Rc3 Rc8 21.
Rxc8+ Bxc8 22. Rc1 Bb7 23. g3 Ng7 24. Ne5 Nf5 25. Qf4 Kg7 26. Qg4 Nh6 27. Qd1
Nf7 28. f4 Nxe5 29. fxe5 Qf8 30. h5 g5 31. Qg4 Kh8 32. Rf1 Qg8 33. Qf3 Qg7 34.
Qf6 Bc6 35. h6 Qxf6 36. exf6 Rf7 37. Kg2 Bd7 38. Rc1 Kg8 39. Rc7 Kf8 40. Rxa7
Be8 41. Ra8 Rxf6 42. Bb5 Rxh6 43. Rxe8+ Kf7 44. Rb8 1-0

[Event "Bielefeld 2- Hemer"]
[Site "?"]
[Date "2023.04.23"]
[Round "7.7"]
[White "Trinh, Fabian"]
[Black "Gruettemeier, Uwe"]
[Result "1/2-1/2"]
[WhiteElo "1862"]
[BlackElo "2073"]
[PlyCount "93"]
[SourceVersionDate "2023.06.22"]

1. d4 d5 2. Bf4 Nf6 3. e3 c5 4. c3 Qb6 5. Qb3 c4 6. Qc2 g6 7. Nf3 Bf5 8. Qc1
Nc6 9. h3 h5 10. Nbd2 Bg7 11. b3 cxb3 12. axb3 O-O 13. Be2 Ne4 14. O-O Nxd2 15.
Nxd2 e5 16. Bh2 exd4 17. cxd4 Rfc8 18. Qa3 Nb4 19. Rac1 Bf8 20. Qa4 a6 21. Nf3
Qd8 22. Ne5 Rxc1 23. Rxc1 Rc8 24. Rxc8 Qxc8 25. Qa1 Qc2 26. Bd1 Qb1 27. Qxb1
Bxb1 28. Nd7 Be7 29. Bc7 f6 30. Kf1 Kf7 31. Ke2 Ke6 32. Nb6 Bd6 33. Bxd6 Kxd6
34. Kd2 Kc6 35. Na4 Bf5 36. g4 hxg4 37. hxg4 Bd7 38. Kc3 a5 39. Nc5 Bc8 40. f3
b6 41. Nd3 Nxd3 42. Kxd3 Kd6 43. Kc3 Ba6 44. f4 g5 45. b4 axb4+ 46. Kxb4 Bd3
47. f5 1/2-1/2

[Event "Münster- Katernberg"]
[Site "?"]
[Date "2023.03.05"]
[Round "6.1"]
[White "Siebrecht, Sebastian"]
[Black "Schmitzer, Klaus"]
[Result "1-0"]
[WhiteElo "2368"]
[BlackElo "2245"]
[PlyCount "87"]
[SourceVersionDate "2023.06.22"]

1. Nf3 Nf6 2. c4 e6 3. Nc3 b6 4. e4 Bb7 5. Qc2 d5 6. cxd5 exd5 7. e5 Ne4 8. d3
Nc5 9. Be3 Be7 10. d4 Ne6 11. Bd3 c5 12. Bxh7 Nc6 13. Bf5 Nexd4 14. Bxd4 cxd4
15. Nb5 Bb4+ 16. Kf1 Bc5 17. Re1 Kf8 18. e6 Rh6 19. h4 a6 20. exf7 Kxf7 21.
Ng5+ Qxg5 22. Be6+ Rxe6 23. hxg5 Rxe1+ 24. Kxe1 axb5 25. Qf5+ Ke7 26. Rh7 Re8
27. Rxg7+ Kd6+ 28. Kd1 Bc8 29. Qf7 Re7 30. Qf4+ Kd7 31. Rg8 Ba6 32. g6 b4 33.
g7 b3 34. a3 Ne5 35. Qf5+ Kc7 36. Ra8 Nc4 37. Ra7+ Bb7 38. g8=Q Nd6 39. Qfxd5
d3 40. Qg3 Kb8 41. Rxb7+ Rxb7 42. Qgxd6+ Bxd6 43. Qxd6+ Kc8 44. g4 1-0

[Event "Münster- Katernberg"]
[Site "?"]
[Date "2023.03.05"]
[Round "6.2"]
[White "Chilla, Jan Eric"]
[Black "Tomic, Bosko"]
[Result "0-1"]
[WhiteElo "2244"]
[BlackElo "2427"]
[PlyCount "124"]
[SourceVersionDate "2023.06.22"]

1. Nf3 Nf6 2. g3 g6 3. b3 Bg7 4. Bb2 d6 5. d4 O-O 6. Bg2 c5 7. c4 Nc6 8. O-O
cxd4 9. Nxd4 Bd7 10. Nc3 Qa5 11. Rc1 Rfc8 12. e3 Rab8 13. a3 a6 14. b4 Qd8 15.
Nxc6 Bxc6 16. Qe2 Bxg2 17. Kxg2 Qd7 18. Nd5 Nxd5 19. cxd5 Qb5 20. Qxb5 axb5 21.
Bxg7 Kxg7 22. Kf3 f5 23. Ke2 Kf6 24. f4 Ra8 25. Rxc8 Rxc8 26. Rd1 Rc2+ 27. Rd2
Rc4 28. Rd3 e5 29. dxe6 Kxe6 30. Kd2 h6 31. Rc3 Kd5 32. Rd3+ Ke6 33. Rc3 Rc6
34. Rd3 g5 35. Rd4 d5 36. fxg5 hxg5 37. g4 Ke5 38. gxf5 Rh6 39. f6 Rxh2+ 40.
Kd3 Rf2 41. Rg4 Kxf6 42. Kd4 Rd2+ 43. Kc5 Rd3 44. e4 dxe4 45. Rxe4 Rxa3 46.
Kxb5 Rd3 47. Kb6 Rd7 48. b5 Kf5 49. Re8 Rg7 50. Rb8 g4 51. Rxb7 Rxb7+ 52. Kxb7
g3 53. b6 g2 54. Kc8 g1=Q 55. b7 Qc5+ 56. Kd7 Qb6 57. Kc8 Qc6+ 58. Kb8 Ke6 59.
Ka7 Qc7 60. Ka8 Qa5+ 61. Kb8 Kd6 62. Kc8 Qc7# 0-1

[Event "Münster- Katernberg"]
[Site "?"]
[Date "2023.03.05"]
[Round "6.3"]
[White "Kueppers, Timo"]
[Black "Muschik, Benedikt"]
[Result "1-0"]
[WhiteElo "2226"]
[BlackElo "2309"]
[PlyCount "39"]
[SourceVersionDate "2023.06.22"]

1. e4 g6 2. d4 Bg7 3. Nc3 d6 4. Be3 a6 5. Qd2 b5 6. O-O-O c6 7. Nf3 Qc7 8. Kb1
Nd7 9. h4 Ngf6 10. e5 dxe5 11. dxe5 Ng4 12. e6 fxe6 13. h5 gxh5 14. Rxh5 Ndf6
15. Bf4 Qb6 16. Rg5 Rg8 17. Ne5 Nxe5 18. Bxe5 Ra7 19. Bd4 c5 20. Bxc5 1-0

[Event "Münster- Katernberg"]
[Site "?"]
[Date "2023.03.05"]
[Round "6.4"]
[White "Wolter, Kai"]
[Black "Rosen, Bernd"]
[Result "1/2-1/2"]
[WhiteElo "2206"]
[BlackElo "2316"]
[PlyCount "88"]
[SourceVersionDate "2023.06.22"]

1. e4 e6 2. d3 c5 3. g3 Nc6 4. Bg2 g6 5. Nc3 Bg7 6. Be3 d6 7. Qd2 Rb8 8. f4
Nge7 9. Nf3 b6 10. O-O O-O 11. d4 d5 12. Rad1 dxe4 13. Nxe4 Nf5 14. dxc5 Qxd2
15. Bxd2 bxc5 16. b3 c4 17. Rfe1 Ncd4 18. Nxd4 Bxd4+ 19. Kh1 Bb7 20. Ba5 Bxe4
21. Bxe4 Rb5 22. Bd2 h5 23. bxc4 Rb6 24. Bxf5 gxf5 25. Ba5 Ra6 26. Bb4 Rb8 27.
a3 Bg7 28. Rd7 Rc6 29. Rxa7 Rxc4 30. c3 Rd8 31. Re2 h4 32. Kg2 Rd3 33. Ra5 h3+
34. Kxh3 Rxf4 35. Rc5 Rff3 36. Rc8+ Kh7 37. Kg2 f4 38. gxf4 Rxf4 39. a4 Rg4+
40. Kf2 Bf6 41. Re3 Rd2+ 42. Re2 Rd3 43. Re3 Rd2+ 44. Re2 Rd3 1/2-1/2

[Event "Münster- Katernberg"]
[Site "?"]
[Date "2023.03.05"]
[Round "6.5"]
[White "Schimnatkowski, Lukas"]
[Black "Wilde, Pierre"]
[Result "1-0"]
[WhiteElo "2252"]
[BlackElo "2227"]
[PlyCount "67"]
[SourceVersionDate "2023.06.22"]

1. e4 c5 2. Nc3 Nc6 3. Bb5 Nd4 4. Bc4 a6 5. a4 g6 6. Nge2 Bg7 7. Nxd4 cxd4 8.
Qf3 e6 9. Ne2 Ne7 10. d3 O-O 11. Bb3 Nc6 12. Ng3 d6 13. O-O Bd7 14. Bd2 Rc8 15.
a5 e5 16. Qd1 Re8 17. f4 exf4 18. Bxf4 Be6 19. Bxe6 Rxe6 20. Qd2 d5 21. Bh6 Ne5
22. Bxg7 Kxg7 23. Rae1 h6 24. Re2 dxe4 25. Rxe4 Rc5 26. b4 Rd5 27. Ne2 f5 28.
Nf4 Rc6 29. Nxd5 Qxd5 30. Qf4 Re6 31. Rxd4 Qa2 32. Rd8 Qxc2 33. Rc1 Qxd3 34.
Rxd3 1-0

[Event "Münster- Katernberg"]
[Site "?"]
[Date "2023.03.05"]
[Round "6.6"]
[White "Wichtrup, Jan- Louis"]
[Black "Wessendorf, Thomas"]
[Result "1-0"]
[WhiteElo "2135"]
[BlackElo "2285"]
[PlyCount "53"]
[SourceVersionDate "2023.06.22"]

1. Nf3 Nf6 2. b3 g6 3. Bb2 Bg7 4. g3 O-O 5. Bg2 d6 6. d4 Nc6 7. O-O e5 8. dxe5
Ng4 9. c4 Ngxe5 10. Nc3 Re8 11. Qd2 Bg4 12. Ne1 Be6 13. Nc2 Rb8 14. Ne3 Qd7 15.
Rfd1 Nd4 16. Qxd4 Nxc4 17. Qxg7+ Kxg7 18. bxc4 f6 19. c5 Bf7 20. cxd6 cxd6 21.
Rd2 Rxe3 22. fxe3 Qe6 23. Nd5 Kh6 24. Bxf6 g5 25. Rf1 Bg6 26. h4 gxh4 27. Rd4
1-0

[Event "Münster- Katernberg"]
[Site "?"]
[Date "2023.03.05"]
[Round "6.7"]
[White "Bee, Marcus"]
[Black "Rott, Georg"]
[Result "0-1"]
[WhiteElo "2209"]
[BlackElo "2126"]
[Annotator "daniel"]
[PlyCount "54"]
[SourceVersionDate "2023.06.22"]

1. g3 d5 2. Bg2 Nf6 3. c4 e6 4. Nf3 c5 5. cxd5 exd5 6. d4 Nc6 7. O-O Be7 8. Nc3
O-O 9. b3 Re8 10. Bb2 b6 11. Rc1 Ba6 12. Na4 c4 13. bxc4 Bxc4 14. Rxc4 dxc4 15.
Ne5 Nxe5 16. Bxa8 Qxa8 17. dxe5 Ne4 18. Qd7 Bf8 19. Rd1 $11 h6 20. Rd4 Ng5 21.
f3 Rxe5 22. Rd2 Re7 23. Qb5 Nxf3+ 24. exf3 Qxf3 25. Be5 Qe3+ 26. Rf2 Rxe5 27.
Qxc4 Rf5 0-1

[Event "Münster- Katernberg"]
[Site "?"]
[Date "2023.03.05"]
[Round "6.8"]
[White "Kamp, Christoph"]
[Black "Meyer, Armin"]
[Result "1/2-1/2"]
[WhiteElo "2193"]
[BlackElo "2204"]
[PlyCount "70"]
[SourceVersionDate "2023.06.22"]

1. c4 c5 2. Nf3 Nf6 3. Nc3 e6 4. g3 b6 5. Bg2 Bb7 6. O-O d6 7. Re1 Be7 8. e4
Qc7 9. d4 cxd4 10. Nxd4 a6 11. Be3 Nbd7 12. Rc1 Rc8 13. b3 Qb8 14. Qe2 O-O 15.
Red1 Rfe8 16. f3 h6 17. Qd2 Bf8 18. Nc2 Rcd8 19. Qf2 Ba8 20. Nd4 g6 21. Qd2 Kh7
22. Bf2 Ne5 23. Qe2 Bg7 24. h3 Bb7 25. Nc2 Qc7 26. Na4 Ned7 27. Qd2 Nc5 28.
Nxc5 bxc5 29. Ne3 Rd7 30. Qc2 Ng8 31. Rd3 Ne7 32. Qd1 Nc6 33. Nc2 Red8 34. f4
a5 35. a4 Qb6 1/2-1/2

[Event "Bochum- Köln"]
[Site "?"]
[Date "2023.03.05"]
[Round "6.1"]
[White "Strohhaeker, Raoul"]
[Black "Schlawin, Marlon"]
[Result "1-0"]
[WhiteElo "2435"]
[BlackElo "2305"]
[Annotator "daniel"]
[PlyCount "109"]
[SourceVersionDate "2023.06.22"]

1. c4 c5 2. Nc3 g6 3. Nf3 Bg7 4. d4 cxd4 5. Nxd4 Nc6 6. Nc2 Nf6 7. e4 O-O 8.
Be2 d6 9. O-O Be6 10. Rb1 Nd7 11. Nd5 Nc5 12. f3 Qd7 13. Bg5 Rae8 14. b4 Na4
15. Nce3 Bxd5 16. Qxa4 Be6 17. Qd1 a5 $11 18. bxa5 Ra8 19. Nd5 Rxa5 20. a4 Rfa8
21. Be3 Rf8 22. Nb6 Qd8 23. Qd2 Kh8 24. Rb5 Rxb5 25. cxb5 Ne5 26. a5 Nd7 27.
Nxd7 Qxd7 28. a6 bxa6 29. bxa6 d5 30. Rd1 Rd8 31. exd5 Bxd5 32. a7 e6 33. Rb1
Qd6 34. Qa5 Ra8 35. f4 h6 36. Qb6 Bf8 37. Qxd6 Bxd6 38. Kf2 Kg7 39. Bf3 Bxf3
40. Kxf3 g5 41. fxg5 hxg5 42. h3 Kg6 43. Ra1 Be7 44. Rb1 Bd6 45. Ke4 f5+ 46.
Kd3 f4 47. Bf2 Kf5 48. Kc4 g4 49. Rb5+ e5 50. hxg4+ Kxg4 51. Kd5 Rd8 52. Ke4
Ra8 53. Rb7 Kg5 54. Bb6 Kf6 55. Kd5 1-0

[Event "Bochum- Köln"]
[Site "?"]
[Date "2023.03.05"]
[Round "6.2"]
[White "Tkachuk, Konstantyn"]
[Black "Morawietz, Dieter"]
[Result "0-1"]
[WhiteElo "2255"]
[BlackElo "2387"]
[PlyCount "94"]
[SourceVersionDate "2023.06.22"]

1. e4 c6 2. d4 d5 3. Nc3 dxe4 4. Nxe4 Nf6 5. Nxf6+ exf6 6. c3 Bd6 7. Bd3 O-O 8.
Ne2 Re8 9. O-O Qc7 10. Ng3 Nd7 11. Qh5 Nf8 12. Ne4 Be7 13. f4 g6 14. Qh6 Bf5
15. Bd2 Bxe4 16. Bxe4 f5 17. Bf3 Qb6 18. Rab1 Bf6 19. Qh3 Nd7 20. g4 c5 21.
gxf5 cxd4 22. c4 Nc5 23. fxg6 hxg6 24. Bd5 Kg7 25. f5 Rh8 26. Qg2 g5 27. Bxg5
Rag8 28. Kh1 Kf8 29. Bxf6 Rxg2 30. Bxh8 Rxb2 31. Bxd4 Rxb1 32. Bxc5+ Qxc5 33.
Rxb1 Qf2 34. Bxb7 Qxa2 35. Be4 Qxc4 36. Re1 Qb4 37. Re2 Qc4 38. Re1 Kg7 39. Kg1
a5 40. Kf2 a4 41. Re2 a3 42. Bb1 Qc5+ 43. Re3 Qd6 44. Rg3+ Kf6 45. Kg2 Qd2+ 46.
Kh3 Qb2 47. Rf3 Qxb1 0-1

[Event "Bochum- Köln"]
[Site "?"]
[Date "2023.03.05"]
[Round "6.3"]
[White "Helbig, Mark"]
[Black "Hengelbrock, Joachim"]
[Result "1/2-1/2"]
[WhiteElo "2290"]
[BlackElo "2268"]
[PlyCount "102"]
[SourceVersionDate "2023.06.22"]

1. e4 e6 2. d4 d5 3. Bd3 dxe4 4. Bxe4 Nf6 5. Bf3 c6 6. Ne2 Bd6 7. O-O O-O 8.
Nd2 e5 9. dxe5 Bxe5 10. Nc4 Bc7 11. Qxd8 Rxd8 12. Bg5 Be6 13. Ne3 Be5 14. Rfd1
Na6 15. Bf4 Bc7 16. a3 h6 17. Bxc7 Nxc7 18. c4 Nd7 19. Nc3 Kf8 20. Be2 Ke7 21.
b4 a5 22. Kf1 axb4 23. axb4 Rxa1 24. Rxa1 Ra8 25. Rc1 g5 26. g3 Ra3 27. b5 Nc5
28. Ke1 Bd7 29. bxc6 bxc6 30. Rc2 Ra1+ 31. Ncd1 Kf6 32. f3 Ke5 33. Rd2 f5 34.
Kf2 N7e6 35. Nb2 h5 36. Nc2 Rh1 37. Kg2 Rb1 38. Nb4 Be8 39. N4d3+ Kf6 40. Nxc5
Nxc5 41. Nd3 Nxd3 42. Rxd3 Rb2 43. Kf2 Rc2 44. Rd8 Ke7 45. Rc8 f4 46. gxf4 gxf4
47. h4 Kd7 48. Ra8 Ke7 49. Ke1 Rc1+ 50. Kf2 Rc2 51. Ke1 Rc1+ 1/2-1/2

[Event "Bochum- Köln"]
[Site "?"]
[Date "2023.03.05"]
[Round "6.4"]
[White "Tkachuk, Sergij"]
[Black "Bonnmann, Reinhard"]
[Result "1/2-1/2"]
[WhiteElo "2234"]
[BlackElo "2262"]
[PlyCount "42"]
[SourceVersionDate "2023.06.22"]

1. e4 c5 2. Nf3 Nc6 3. d4 cxd4 4. Nxd4 Nf6 5. Nc3 e5 6. Nf3 Bb4 7. Bc4 O-O 8.
O-O d6 9. Bg5 Bxc3 10. bxc3 h6 11. Bxf6 Qxf6 12. Qd3 Bg4 13. Nd2 Rac8 14. f3
Be6 15. Rfd1 Na5 16. Bb3 Rfd8 17. Nf1 Bc4 18. Bxc4 Nxc4 19. Rab1 b6 20. Rb5 Rc6
21. Ne3 Nxe3 1/2-1/2

[Event "Bochum- Köln"]
[Site "?"]
[Date "2023.03.05"]
[Round "6.5"]
[White "Wißkirchen, Andreas"]
[Black "Werthebach, Felix"]
[Result "1/2-1/2"]
[WhiteElo "2201"]
[BlackElo "2235"]
[PlyCount "123"]
[SourceVersionDate "2023.06.22"]

1. d4 f5 2. g3 Nf6 3. Bg2 d6 4. Nf3 g6 5. c4 Bg7 6. O-O O-O 7. d5 a5 8. Nc3 Na6
9. Nd4 Qe8 10. b3 Bd7 11. Bb2 g5 12. e3 Qg6 13. Qc2 Nc5 14. Ncb5 Rac8 15. Na7
Rb8 16. Nab5 Na6 17. a3 Ne4 18. Nc3 Nec5 19. Ncb5 f4 20. Qd1 Nd3 21. Bc3 Ne5
22. Nf3 Nxf3+ 23. Bxf3 Bh3 24. Bh5 Qe4 25. Bf3 Qf5 26. Bxg7 Kxg7 27. Nd4 Qf6
28. exf4 gxf4 29. Bg2 Bd7 30. Qd2 c5 31. dxc6 bxc6 32. Bxc6 Bxc6 33. Nxc6 Rxb3
34. Nd4 Nc5 35. Nxb3 Nxb3 36. Qd1 Nxa1 37. Qxa1 Qxa1 38. Rxa1 fxg3 39. hxg3 Rf3
40. Kg2 Rc3 41. Re1 Kf6 42. Rh1 Rxc4 43. Rxh7 Ra4 44. f4 Rxa3 45. g4 Rc3 46.
g5+ Ke6 47. g6 Rc8 48. Rf7 d5 49. f5+ Kd6 50. g7 Rg8 51. Kf3 a4 52. f6 exf6 53.
Rxf6+ Kc5 54. Rf7 a3 55. Ra7 a2 56. Rxa2 Rxg7 57. Ke3 d4+ 58. Ke4 Rg4+ 59. Kf3
Rh4 60. Rc2+ Kb4 61. Rc8 Kb3 62. Ke2 1/2-1/2

[Event "Bochum- Köln"]
[Site "?"]
[Date "2023.03.05"]
[Round "6.6"]
[White "Wuebker, Paul- Luca"]
[Black "Schmidt, Martin"]
[Result "1-0"]
[WhiteElo "2157"]
[BlackElo "2247"]
[PlyCount "115"]
[SourceVersionDate "2023.06.22"]

1. d4 d5 2. c4 dxc4 3. e3 e5 4. Bxc4 Nc6 5. d5 Na5 6. Qa4+ c6 7. dxc6 Nxc6 8.
Nf3 Bd7 9. O-O Rc8 10. Nc3 Nh6 11. Qc2 a6 12. Bd5 Qc7 13. e4 Bb4 14. Bxh6 gxh6
15. Qb3 Bxc3 16. Qxc3 O-O 17. Rac1 Rfe8 18. Qe3 Qd6 19. Rfd1 Qf6 20. Qb6 Bg4
21. Rc3 Kg7 22. h3 Bh5 23. Rdd3 Re7 24. b4 Rcc7 25. Bxc6 Rxc6 26. Rxc6 Qxc6 27.
Qxc6 bxc6 28. Rc3 Bxf3 29. gxf3 Re6 30. Ra3 c5 31. bxc5 Rc6 32. Rc3 Kg6 33. Kf1
Kg5 34. Ke2 Kh4 35. f4 exf4 36. Kf3 Kxh3 37. Rc1 Kh2 38. Kxf4 Kg2 39. Ke5 h5
40. f4 h4 41. Kd5 Rc8 42. Kd6 h3 43. Kd7 Ra8 44. c6 h2 45. c7 h1=Q 46. Rxh1
Kxh1 47. c8=Q Rxc8 48. Kxc8 h5 49. e5 h4 50. f5 h3 51. e6 fxe6 52. fxe6 Kg1 53.
e7 h2 54. e8=Q h1=Q 55. Qe1+ Kh2 56. Qxh1+ Kxh1 57. Kb7 a5 58. a4 1-0

[Event "Bochum- Köln"]
[Site "?"]
[Date "2023.03.05"]
[Round "6.7"]
[White "Maric, Boris"]
[Black "Rempe, Moritz"]
[Result "0-1"]
[WhiteElo "2076"]
[BlackElo "2000"]
[PlyCount "56"]
[SourceVersionDate "2023.06.22"]

1. d4 d5 2. c4 e6 3. Nc3 Nf6 4. cxd5 exd5 5. Bg5 Be7 6. e3 O-O 7. Bd3 h6 8. Bh4
Nbd7 9. Nge2 Nb6 10. Qc2 Be6 11. f3 Rc8 12. O-O c5 13. Nf4 a6 14. Nxe6 fxe6 15.
Bg6 Qd7 16. Kh1 Nc4 17. Qe2 b5 18. Rac1 Rc6 19. Rfd1 Rfc8 20. dxc5 Bxc5 21. Ne4
Nxe4 22. fxe4 Nxe3 23. exd5 exd5 24. Rxc5 Nxd1 25. b4 Rxg6 26. Qxd1 Rxc5 27.
bxc5 Qf5 28. Bg3 Qe4 0-1

[Event "Bochum- Köln"]
[Site "?"]
[Date "2023.03.05"]
[Round "6.8"]
[White "Gausmann, Thomas"]
[Black "Langner, Jasper"]
[Result "0-1"]
[WhiteElo "1705"]
[BlackElo "1990"]
[PlyCount "38"]
[SourceVersionDate "2023.06.22"]

1. e4 c5 2. c3 Nf6 3. e5 Nd5 4. d4 cxd4 5. Nf3 d6 6. Bc4 dxe5 7. Nxe5 e6 8.
cxd4 Be7 9. O-O O-O 10. Bb3 Nc6 11. Nxc6 bxc6 12. Nd2 Ba6 13. Re1 Bb4 14. Re5
Bd6 15. Rh5 Nf4 16. Ne4 Be2 17. Qd2 Bxh5 18. Nxd6 Ne2+ 19. Kh1 Nxc1 0-1

[Event "Brackel- Erkenschwick"]
[Site "?"]
[Date "2023.03.05"]
[Round "6.1"]
[White "Nijboer, Friso"]
[Black "Fiebig, Thomas"]
[Result "1-0"]
[WhiteElo "2471"]
[BlackElo "2421"]
[PlyCount "59"]
[SourceVersionDate "2023.06.22"]

1. e4 c6 2. d4 d5 3. e5 Bf5 4. h4 h5 5. Bd3 Bxd3 6. Qxd3 Qa5+ 7. Nd2 e6 8. Ngf3
Ne7 9. O-O Nf5 10. Nb3 Qa6 11. Qd1 Be7 12. Bg5 Bxg5 13. Nxg5 Nd7 14. g3 Rc8 15.
c3 b6 16. Nc1 c5 17. Ne2 g6 18. Re1 Rc6 19. dxc5 bxc5 20. Nf4 Nb6 21. b3 c4 22.
Ne2 O-O 23. Nf4 Nh6 24. Qc2 Kg7 25. Nxh5+ Kh8 26. Nf6 cxb3 27. Nxf7+ Rxf7 28.
Qxg6 Rxf6 29. exf6 Nf5 30. Qe8+ 1-0

[Event "Brackel- Erkenschwick"]
[Site "?"]
[Date "2023.03.05"]
[Round "6.2"]
[White "Luft, Dennis"]
[Black "De Vreugt, Dennis"]
[Result "0-1"]
[WhiteElo "2317"]
[BlackElo "2396"]
[PlyCount "36"]
[SourceVersionDate "2023.06.22"]

1. e4 c5 2. Nc3 Nc6 3. Nf3 d6 4. Bb5 Bd7 5. d4 cxd4 6. Nxd4 Nf6 7. f4 e5 8.
Nxc6 bxc6 9. Bc4 Qb6 10. Bb3 Be7 11. Qf3 Bg4 12. Qg3 exf4 13. Bxf4 O-O 14. Be3
Qa6 15. Bd4 Bh5 16. Rf1 Rae8 17. h3 Kh8 18. Qh4 Nxe4 0-1

[Event "Brackel- Erkenschwick"]
[Site "?"]
[Date "2023.03.05"]
[Round "6.2"]
[White "Erwich, Frank"]
[Black "Fluechter, Gregor"]
[Result "1-0"]
[WhiteElo "2383"]
[BlackElo "2264"]
[PlyCount "61"]
[SourceVersionDate "2023.06.22"]

1. e4 c5 2. Nf3 Nc6 3. Bb5 g6 4. O-O Bg7 5. c3 Nf6 6. Re1 O-O 7. d4 cxd4 8.
cxd4 d5 9. e5 Ne4 10. Nc3 Nxc3 11. bxc3 Bd7 12. Bd3 Qc7 13. Ng5 Na5 14. Re3 f5
15. exf6 Rxf6 16. Ba3 Qf4 17. Nf3 e6 18. Be7 Rf7 19. Bh4 Qc7 20. Ng5 Rff8 21.
Nxh7 Qxc3 22. Nxf8 Ba4 23. Bxg6 Qxd4 24. Bh7+ Kh8 25. Ng6+ Kxh7 26. Qh5+ Bh6
27. Rae1 Bd7 28. Bg5 Qg7 29. Bxh6 Qxg6 30. Qh4 Rg8 31. Bf8+ 1-0

[Event "Brackel- Erkenschwick"]
[Site "?"]
[Date "2023.03.05"]
[Round "6.4"]
[White "Prieb, Robert"]
[Black "Jonkman, Harmen"]
[Result "0-1"]
[WhiteElo "2113"]
[BlackElo "2321"]
[PlyCount "130"]
[SourceVersionDate "2023.06.22"]

1. d4 Nf6 2. c4 e6 3. Nf3 Bb4+ 4. Nbd2 O-O 5. Qc2 d5 6. e3 b6 7. cxd5 exd5 8.
Bd3 a5 9. O-O Ba6 10. Ne5 Bd6 11. Ndf3 Bxd3 12. Nxd3 Nbd7 13. b3 Re8 14. Bb2
Re6 15. Nf4 Bxf4 16. exf4 c5 17. dxc5 bxc5 18. Bxf6 Rxf6 19. Rfd1 d4 20. Ng5 g6
21. Ne4 Rxf4 22. Nxc5 Nxc5 23. Qxc5 d3 24. Rac1 Rd4 25. Rc4 Rd5 26. Qe3 Qd6 27.
g3 Rd8 28. Rd2 Kg7 29. Rc3 h5 30. h4 Rd7 31. Qf3 a4 32. Qe4 Rd4 33. Qf3 a3 34.
Kg2 Kh7 35. Qe3 Qa6 36. Kh2 Qd6 37. Kg2 Rd5 38. Qf3 Kg7 39. Qe3 Qa6 40. Qf3 Qb5
41. Qe4 Re5 42. Qf3 Red5 43. Qe4 R7d6 44. Qf3 Rd4 45. Qe3 Qb7+ 46. Qf3 Qd7 47.
Qd1 R6d5 48. Qf3 Qd6 49. Qe3 Re5 50. Qf3 Rf5 51. Qc6 Qd8 52. Qb7 Rfd5 53. b4
Qe8 54. Rc7 Qe4+ 55. f3 Qf5 56. Qa7 g5 57. hxg5 h4 58. g6 Kxg6 59. Qb8 Rd8 60.
Rc6+ f6 61. Qc7 Qg5 62. Rd1 Re8 63. Rc2 Re5 64. Kf1 Qe3 65. Rf2 hxg3 0-1

[Event "Brackel- Erkenschwick"]
[Site "?"]
[Date "2023.03.05"]
[Round "6.5"]
[White "Erwich, Marc"]
[Black "Steinmetzer, Thomas"]
[Result "1-0"]
[WhiteElo "2354"]
[BlackElo "2236"]
[PlyCount "61"]
[SourceVersionDate "2023.06.22"]

1. e4 e5 2. Nf3 Nc6 3. Bb5 a6 4. Ba4 Nf6 5. O-O Be7 6. Re1 b5 7. Bb3 O-O 8. a4
Bb7 9. c3 d5 10. exd5 Nxd5 11. d3 Bf6 12. axb5 axb5 13. Rxa8 Bxa8 14. Na3 b4
15. Nb5 Nb6 16. Be3 bxc3 17. bxc3 h6 18. Bc5 Re8 19. Qe2 Na5 20. Ba2 Bc6 21.
Na7 Bd7 22. Bxf7+ Kxf7 23. Qa2+ Be6 24. Qxa5 Qxd3 25. Bxb6 cxb6 26. Qxb6 e4 27.
Nb5 Kg8 28. Nd6 Re7 29. Nxe4 Bc4 30. Qe3 Qxe3 31. Rxe3 1-0

[Event "Brackel- Erkenschwick"]
[Site "?"]
[Date "2023.03.05"]
[Round "6.6"]
[White "Goldschmidt, Christian"]
[Black "Van Beek, Alexander"]
[Result "1/2-1/2"]
[WhiteElo "2212"]
[BlackElo "2294"]
[PlyCount "80"]
[SourceVersionDate "2023.06.22"]

1. e4 e5 2. Nf3 Nc6 3. Bc4 Nf6 4. Ng5 d5 5. exd5 Na5 6. Bb5+ c6 7. dxc6 bxc6 8.
Qf3 Be7 9. Bd3 h6 10. Ne4 Nd5 11. O-O O-O 12. Re1 f5 13. Ng3 e4 14. Bxe4 fxe4
15. Qxe4 Bc5 16. d4 Nf6 17. Qg6 Bxd4 18. Bxh6 Ng4 19. Bg5 Bxf2+ 20. Kh1 Bxg3
21. hxg3 Qc7 22. Bf4 Qf7 23. Qg5 Qf5 24. Qh4 Qxc2 25. Nc3 Qh7 26. Qxh7+ Kxh7
27. Ne4 Bf5 28. Nd6 Nf2+ 29. Kg1 Nd3 30. b4 Nxe1 31. Rxe1 Nc4 32. Nxc4 Rfe8 33.
Ne5 a5 34. a3 axb4 35. axb4 Re6 36. g4 Bxg4 37. Kf2 Rae8 38. Rh1+ Kg8 39. Nxg4
Re4 40. Kg3 Rxb4 1/2-1/2

[Event "Brackel- Erkenschwick"]
[Site "?"]
[Date "2023.03.05"]
[Round "6.7"]
[White "Strozewski, Frank"]
[Black "Strathoff, Martin"]
[Result "1/2-1/2"]
[WhiteElo "2071"]
[BlackElo "2076"]
[PlyCount "37"]
[SourceVersionDate "2023.06.22"]

1. c4 Nf6 2. d4 e6 3. Nc3 d5 4. Bf4 c6 5. e3 Nbd7 6. Rc1 Be7 7. Bd3 dxc4 8.
Bxc4 b5 9. Bb3 a6 10. Nf3 Bb7 11. O-O O-O 12. h3 Qb6 13. Ne5 Rad8 14. Qe2 c5
15. Nxd7 Rxd7 16. Be5 Qc6 17. f3 c4 18. Bc2 Bd6 19. Bxd6 1/2-1/2